Music Quiz

Random Music or Song Quiz

Solo Beatles #1 Singles Quiz Stats

 Plays Quiz Updated Jan 13, 2020

Support Sporcle.
Go Orange.
Score 0/21 Timer 05:00
2 Plays Today
Year Song % Correct
John LennonImagine
92%
Paul McCartneyBand on the Run
55.3%
George HarrisonMy Sweet Lord / Isn't It A Pity
52.4%
George HarrisonMy Sweet Lord
52%
Paul McCartneyEbony and Ivory (with Stevie Wonder)
35.3%
John LennonWoman
34%
George HarrisonGot My Mind Set On You
32.4%
Paul McCartneySilly Love Songs
28.8%
Ringo StarrPhotograph
28.7%
Paul McCartneySay Say Say (with Michael Jackson)
28%
John Lennon(Just Like) Starting Over
25.8%
Year Song % Correct
Paul McCartneyMull of Kintyre / Girls School
20.8%
Paul McCartneyUncle Albert/Admiral Halsey
20.7%
Ringo StarrYou're Sixteen
20.4%
John LennonWhatever Gets You Thru the Night
17.2%
Paul McCartneyMy Love
17%
Paul McCartneyComing Up
16.3%
George HarrisonGive Me Love(Give Me Peace on Earth)
12.5%
Paul McCartneyListen to What the Man Said
10.3%
Paul McCartneyWith a Little Luck
10.2%
Paul McCartneyPipes of Peace
9.7%

From the Vault

Figure Out the Disney Lyrics IV

by supergal

Music 8m
Songs are always a little more catchy in the Magic Kingdom.
Remove Ads.
Support Sporcle.
Get the best of Sporcle when you Go Orange. This ad-free experience offers more features, more stats, and more fun while also helping to support Sporcle. Thank you for becoming a member.

Show Comments

Extras

Top Quizzes Today


Score Distribution

Your Account Isn't Verified!

In order to create a playlist on Sporcle, you need to verify the email address you used during registration. Go to your Sporcle Settings to finish the process.

Report this User

Report this user for behavior that violates our Community Guidelines.

Details: